[Event "Politiken Cup"]
[Site "Copenhagen"]
[Date "2006.07.23"]
[Round "2.38"]
[White "Nielsen, Lars Aaes"]
[Black "Kirkegaard, Niels"]
[Result "0-1"]
[WhiteElo "2247"]
[BlackElo "2029"]
[PlyCount "50"]
[EventDate "2006.??.??"]

1. e4 c5 2. c3 d5 3. exd5 Qxd5 4. d4 Nc6 5. Nf3 cxd4 6. cxd4 e5 7. Nc3 Bb4 8.
Bd2 Bxc3 9. Bxc3 e4 10. Nd2 Nf6 11. Bc4 Qg5 12. Qb3 O-O 13. O-O-O a6 14. h4 Qf4
15. Rde1 b5 16. Bd5 Bb7 17. Kb1 b4 18. Bxc6 bxc3 19. Bxb7 cxd2 20. Re2 Rab8 21.
f3 Rfc8 22. Bxc8 Rxb3 23. axb3 e3 24. Rd1 g6 25. Bxa6 Qf5+ 0-1

[Event "Politiken Cup"]
[Site "Copenhagen"]
[Date "2006.07.23"]
[Round "2.39"]
[White "Hansen, Herluf"]
[Black "Petersen, Soren Boeck"]
[Result "1/2-1/2"]
[WhiteElo "2028"]
[BlackElo "2244"]
[PlyCount "52"]
[EventDate "2006.??.??"]

1. d4 d5 2. c4 dxc4 3. e3 Nf6 4. Bxc4 e6 5. Nf3 c5 6. O-O a6 7. dxc5 Bxc5 8.
Qxd8+ Kxd8 9. b3 Nbd7 10. Bb2 Ke7 11. Nbd2 b6 12. Rfd1 Bb7 13. Be2 Rac8 14. Ne1
Rhd8 15. Nd3 b5 16. Nxc5 Nxc5 17. f3 Nd5 18. Nf1 f6 19. Rac1 Ke8 20. Bd4 Nd7
21. Rxc8 Rxc8 22. Bd3 h6 23. Kf2 Ke7 24. e4 Nc3 25. Bxc3 Rxc3 26. Ne3 Ne5
1/2-1/2

[Event "Politiken Cup"]
[Site "Copenhagen"]
[Date "2006.07.23"]
[Round "2.40"]
[White "Jensen, Soren"]
[Black "Mikkelsen, Nikolaj"]
[Result "0-1"]
[WhiteElo "2028"]
[BlackElo "2236"]
[PlyCount "50"]
[EventDate "2006.??.??"]

1. Nf3 d6 2. c4 e5 3. Nc3 f5 4. d3 Nf6 5. g3 Be7 6. Bg2 O-O 7. O-O c6 8. b4 Qe8
9. Bb2 Qh5 10. e4 fxe4 11. dxe4 Bg4 12. Qd3 Na6 13. a3 Nxe4 14. Nxe4 Bxf3 15.
Nxd6 Be2 16. Qd2 Bxf1 17. Rxf1 Rad8 18. c5 Bxd6 19. cxd6 Rf6 20. Re1 Rfxd6 21.
Qe3 Rd3 22. Qxe5 Qxe5 23. Rxe5 Rd1+ 24. Bf1 Rb1 25. Bc3 Rdd1 0-1

[Event "Politiken Cup"]
[Site "Copenhagen"]
[Date "2006.07.23"]
[Round "2.41"]
[White "Skovgaard, Peter"]
[Black "Pedersen, Audun"]
[Result "1-0"]
[WhiteElo "2235"]
[BlackElo "2028"]
[PlyCount "45"]
[EventDate "2006.??.??"]

1. e4 e6 2. Qe2 c5 3. f4 Nc6 4. Nf3 Nf6 5. c3 d5 6. e5 Nd7 7. d4 Be7 8. g3 cxd4
9. cxd4 Qb6 10. Be3 f6 11. Bh3 Nd8 12. O-O O-O 13. Nc3 Nf7 14. f5 Nb8 15. Rac1
a5 16. exf6 Bxf6 17. Na4 Qd6 18. Bf4 Qb4 19. fxe6 Bxe6 20. Bxe6 Qxa4 21. Bxf7+
Kxf7 22. Ng5+ Kg6 23. Qd3+ 1-0

[Event "Politiken Cup"]
[Site "Copenhagen"]
[Date "2006.07.23"]
[Round "2.42"]
[White "Tandrup, Michael"]
[Black "Royset, Paal"]
[Result "1/2-1/2"]
[WhiteElo "2028"]
[BlackElo "2228"]
[PlyCount "49"]
[EventDate "2006.??.??"]

1. d4 Nf6 2. Nf3 c5 3. e3 d5 4. b3 Nc6 5. Bb2 g6 6. dxc5 Qa5+ 7. Nbd2 Bg7 8.
Be2 O-O 9. O-O Qxc5 10. c4 dxc4 11. Rc1 b5 12. bxc4 b4 13. Nb3 Qb6 14. c5 Qc7
15. Bc4 Bg4 16. h3 Bf5 17. Qe2 Ne4 18. Nfd4 Ne5 19. Nxf5 gxf5 20. Bd5 Rad8 21.
Bxe4 fxe4 22. Bxe5 Qxe5 23. Qc4 Qb2 24. Rc2 Qa3 25. Qxe4 1/2-1/2

[Event "Politiken Cup"]
[Site "Copenhagen"]
[Date "2006.07.23"]
[Round "2.43"]
[White "Willumsen, Henrik"]
[Black "Pedersen, Bent O"]
[Result "1-0"]
[WhiteElo "2227"]
[BlackElo "2027"]
[PlyCount "33"]
[EventDate "2006.??.??"]

1. e4 c5 2. Nf3 Nf6 3. e5 Nd5 4. Nc3 e6 5. g3 Nc6 6. Bg2 d6 7. Qe2 Ndb4 8. d3
dxe5 9. a3 Nd4 10. Nxd4 exd4 11. axb4 dxc3 12. bxc5 Bxc5 13. O-O O-O 14. bxc3
Qc7 15. Bb2 Bd7 16. Qh5 Bc6 17. Qxc5 1-0

[Event "Politiken Cup"]
[Site "Copenhagen"]
[Date "2006.07.23"]
[Round "2.44"]
[White "Preuss, Flemming"]
[Black "Molvig, Henrik"]
[Result "1/2-1/2"]
[WhiteElo "2023"]
[BlackElo "2218"]
[PlyCount "40"]
[EventDate "2006.??.??"]

1. f4 Nf6 2. Nf3 g6 3. g3 Bg7 4. Bg2 d5 5. d3 b6 6. O-O Bb7 7. Na3 O-O 8. c4 c6
9. Qe1 Nbd7 10. e4 dxe4 11. dxe4 e5 12. f5 Nc5 13. Nc2 Qd3 14. Ne3 Qxe4 15. Bd2
Nd3 16. Qe2 Rad8 17. Ne1 Qd4 18. Bc3 Qd6 19. Rd1 e4 20. Bxe4 Nxe4 1/2-1/2

[Event "Politiken Cup"]
[Site "Copenhagen"]
[Date "2006.07.23"]
[Round "2.45"]
[White "Muratet Casadevall, Albert"]
[Black "Nielsen, Morten"]
[Result "1-0"]
[WhiteElo "2216"]
[BlackElo "2019"]
[PlyCount "83"]
[EventDate "2006.??.??"]

1. e4 Nf6 2. e5 Nd5 3. d4 d6 4. c4 Nb6 5. exd6 exd6 6. Nc3 Be7 7. Be3 Nc6 8. b3
Bf6 9. Rc1 O-O 10. Be2 Re8 11. Nf3 Bg4 12. O-O d5 13. c5 Nc8 14. Ne1 Bxe2 15.
Nxe2 N8e7 16. Ng3 Bh4 17. Qd3 Qd7 18. Nf3 Bxg3 19. hxg3 Nf5 20. Bd2 Re4 21. Bc3
f6 22. Nd2 Rg4 23. Rfe1 h5 24. Nf1 Kf7 25. f3 Rg6 26. Kf2 Rh6 27. b4 g5 28. b5
Nd8 29. c6 bxc6 30. Ba5 Nd6 31. a4 Nc4 32. Bb4 Ne6 33. bxc6 Qxc6 34. Ne3 Qxa4
35. Nxd5 Nb6 36. Nxc7 Qxb4 37. Nxe6 Re8 38. Rc7+ Kg8 39. Rxa7 Qb2+ 40. Re2 Qc1
41. Qb5 Rb8 42. Nd8 1-0

[Event "Politiken Cup"]
[Site "Copenhagen"]
[Date "2006.07.23"]
[Round "2.46"]
[White "Tocklin, Tomi"]
[Black "Palvig, David Kinch"]
[Result "1-0"]
[WhiteElo "1918"]
[BlackElo "1238"]
[PlyCount "65"]
[EventDate "2006.??.??"]

1. e4 c6 2. d4 d5 3. exd5 cxd5 4. c4 Nf6 5. Nc3 Nc6 6. Bg5 e6 7. c5 Be7 8. Nf3
O-O 9. a3 b6 10. b4 bxc5 11. bxc5 Rb8 12. Bd3 Bd7 13. O-O Rb2 14. Bc1 Rb7 15.
Ba6 Rb8 16. Bf4 Bc8 17. Bb5 Rxb5 18. Nxb5 Ba6 19. Qa4 Qa5 20. Qxa5 Nxa5 21. a4
Nc6 22. Rfe1 Ne4 23. Rad1 Rc8 24. Ne5 Bxb5 25. axb5 Nxe5 26. Bxe5 Nc3 27. Ra1
Nxb5 28. Ra5 Nc3 29. Rxa7 Bg5 30. Rea1 h5 31. Ra8 Rxa8 32. Rxa8+ Kh7 33. c6 1-0

[Event "Politiken Cup"]
[Site "Copenhagen"]
[Date "2006.07.23"]
[Round "2.47"]
[White "Hansen, Jesper"]
[Black "Romsdal, Trond"]
[Result "0-1"]
[WhiteElo "2014"]
[BlackElo "2215"]
[PlyCount "79"]
[EventDate "2006.??.??"]

1. d4 Nf6 2. c4 e6 3. Nf3 b6 4. a3 Bb7 5. Nc3 d5 6. cxd5 exd5 7. g3 Be7 8. Bg2
O-O 9. O-O c5 10. Bf4 Nc6 11. Rc1 c4 12. Re1 Na5 13. Nd2 Nh5 14. e3 Nxf4 15.
gxf4 Qd7 16. Qh5 Rad8 17. Bh3 f5 18. Kh1 Qe8 19. Qe2 b5 20. Rg1 Bc6 21. Rg2 b4
22. axb4 Bxb4 23. Rcg1 Rd7 24. Rg5 Bxc3 25. bxc3 Rdf7 26. Qh5 Bd7 27. Qh6 Qe7
28. Rh5 g6 29. Rxg6+ Kh8 30. Rhg5 Rf6 31. Rxf6 Rxf6 32. Qh5 Nb3 33. Qd1 Ra6 34.
Qg1 Be6 35. Nxb3 cxb3 36. Bxf5 b2 37. Bb1 Ra1 38. Re5 Qf7 39. f5 Qh5 40. h3 0-1

[Event "Politiken Cup"]
[Site "Copenhagen"]
[Date "2006.07.23"]
[Round "2.48"]
[White "Wiwe, Andreas"]
[Black "Thomassen, Joachim"]
[Result "0-1"]
[WhiteElo "2215"]
[BlackElo "2006"]
[PlyCount "72"]
[EventDate "2006.??.??"]

1. e4 c5 2. Nf3 d6 3. d4 cxd4 4. Nxd4 Nf6 5. Nc3 a6 6. Bg5 e6 7. f4 Be7 8. Qf3
Qc7 9. O-O-O Nbd7 10. g4 b5 11. Bxf6 Nxf6 12. g5 Nd7 13. f5 Nc5 14. f6 gxf6 15.
gxf6 Bf8 16. Rg1 h5 17. Qe2 Nd7 18. Bg2 b4 19. Na4 Ne5 20. b3 Bd7 21. Nb2 a5
22. Kb1 a4 23. bxa4 h4 24. Bh3 Rh6 25. Rg8 Rxf6 26. Nb5 Bxb5 27. Qxb5+ Ke7 28.
Rf1 Rc8 29. Rg2 Nc4 30. Qg5 Na3+ 31. Ka1 Bg7 32. Rff2 Qc3 33. Bg4 Nc4 34. Qc1
Rxf2 35. Rxf2 Qxb2+ 36. Qxb2 Bxb2+ 0-1

[Event "Politiken Cup"]
[Site "Copenhagen"]
[Date "2006.07.23"]
[Round "2.49"]
[White "Pettersen, Joar Gullestad"]
[Black "Jorgensen, Dennis"]
[Result "0-1"]
[WhiteElo "1956"]
[BlackElo "2179"]
[PlyCount "82"]
[EventDate "2006.??.??"]

1. e4 c6 2. Nf3 d5 3. exd5 cxd5 4. Ne5 Nf6 5. d4 Nc6 6. Bb5 Bd7 7. Nxd7 Qxd7 8.
c3 g6 9. O-O Bg7 10. Bf4 O-O 11. Nd2 a6 12. Bd3 Nh5 13. Be3 b5 14. Qe2 e5 15.
dxe5 Nxe5 16. Bc2 Rfe8 17. h3 Qc6 18. Bb3 Nc4 19. Bxc4 bxc4 20. Qd1 Rab8 21.
Qc2 Rb7 22. Nf3 Rbe7 23. Rad1 Ng3 24. Rfe1 Nf5 25. Bf4 Rxe1+ 26. Rxe1 Rxe1+ 27.
Nxe1 d4 28. cxd4 Nxd4 29. Qd2 Qe4 30. Be3 Nf5 31. Bc5 h6 32. Nf3 Kh7 33. Kh2
Be5+ 34. Kg1 Qb1+ 35. Ne1 Bxb2 36. Kh2 Bg7 37. g4 Qe4 38. Kg1 c3 39. Qc1 Nh4
40. Qe3 Qb1 41. Qe2 c2 0-1

[Event "Politiken Cup"]
[Site "Copenhagen"]
[Date "2006.07.23"]
[Round "2.52"]
[White "Dragicevic, Drazen"]
[Black "Andersen, Harry"]
[Result "1-0"]
[WhiteElo "2200"]
[BlackElo "1891"]
[PlyCount "71"]
[EventDate "2006.??.??"]

1. e4 e5 2. Nf3 Nc6 3. Bc4 Bc5 4. c3 Nf6 5. d3 h6 6. O-O O-O 7. Re1 d6 8. Nbd2
Bg4 9. h3 Bh5 10. Nf1 Bg6 11. Be3 Bb6 12. Bb3 Nd7 13. Ng3 Kh7 14. Bxb6 axb6 15.
d4 f6 16. Qe2 Ne7 17. a3 Bf7 18. Bc2 Ng6 19. Rad1 Qe8 20. Qe3 Nf4 21. Nh4 Rg8
22. Ne2 g5 23. Nf5 Bg6 24. Bb3 Bf7 25. Bxf7 Qxf7 26. Kh2 Qg6 27. Ne7 Qf7 28.
Nxg8 Rxg8 29. g3 Ng6 30. f4 gxf4 31. gxf4 Nh4 32. Rg1 Re8 33. Rg4 exd4 34. Nxd4
Ng6 35. Rdg1 Rg8 36. f5 1-0

[Event "Politiken Cup"]
[Site "Copenhagen"]
[Date "2006.07.23"]
[Round "2.53"]
[White "Andersen, Mads"]
[Black "Haapasalo, Jukka-Pekka"]
[Result "0-1"]
[WhiteElo "1794"]
[BlackElo "2200"]
[PlyCount "102"]
[EventDate "2006.??.??"]

1. e4 c5 2. Nf3 e6 3. Nc3 a6 4. d4 cxd4 5. Nxd4 Nc6 6. Be3 Qc7 7. Bd3 Nf6 8.
O-O Ne5 9. Nf3 Nfg4 10. Nxe5 Nxe3 11. Qh5 g6 12. Qf3 Qxe5 13. fxe3 f6 14. Qxf6
Qxf6 15. Rxf6 Bg7 16. Rf3 b5 17. Nd1 Be5 18. c3 Rb8 19. Rc1 g5 20. Rh3 Kf7 21.
Be2 b4 22. Nf2 bxc3 23. b3 Bb7 24. Nd3 Bg7 25. e5 Rbc8 26. Bf3 Bxf3 27. gxf3 d6
28. f4 dxe5 29. Nxe5+ Bxe5 30. fxe5 Rhd8 31. Rf3+ Kg7 32. Rf2 Rd2 33. Rc2 Rxc2
34. Rxc2 Kg6 35. e4 g4 36. Kf2 Kg5 37. Ke3 h5 38. b4 h4 39. a4 h3 40. b5 axb5
41. axb5 g3 42. b6 g2 43. Rc1 c2 44. Kd2 Rb8 45. Ra1 Kf4 46. Kxc2 Rxb6 47. Kd3
Rb2 48. Rc1 Rf2 49. Rg1 Rf1 50. Ke2 Rxg1 51. Kf2 Rf1+ 0-1

[Event "Politiken Cup"]
[Site "Copenhagen"]
[Date "2006.07.23"]
[Round "2.54"]
[White "Dalberg, Preben"]
[Black "Havik, Victor"]
[Result "1-0"]
[WhiteElo "2190"]
[BlackElo "1754"]
[PlyCount "21"]
[EventDate "2006.??.??"]

1. c4 e5 2. g3 Nf6 3. Bg2 d5 4. cxd5 Nxd5 5. Nc3 Nb6 6. Nf3 Nc6 7. O-O Be7 8.
d3 Be6 9. a3 f6 10. b4 a5 11. b5 1-0

[Event "Politiken Cup"]
[Site "Copenhagen"]
[Date "2006.07.23"]
[Round "2.55"]
[White "Larsen, Lars Møller"]
[Black "Petersen, Peter Birk"]
[Result "0-1"]
[WhiteElo "1737"]
[BlackElo "2186"]
[PlyCount "70"]
[EventDate "2006.??.??"]

1. e4 c5 2. c3 d5 3. exd5 Qxd5 4. Na3 e6 5. Nf3 Nf6 6. d4 Be7 7. Bc4 Qd8 8. O-O
O-O 9. Nc2 Qc7 10. dxc5 Bxc5 11. Qe2 Nc6 12. Bg5 b6 13. Bxf6 gxf6 14. Qe4 Kh8
15. Qh4 Be7 16. Bd3 f5 17. Qc4 Bb7 18. Rfe1 Rg8 19. Bf1 Rg4 20. Qe2 Rag8 21.
Ne3 Rf4 22. g3 Rxf3 23. Nd5 Rfxg3+ 24. hxg3 exd5 25. Bg2 Bc5 26. Kf1 f4 27. g4
Qc8 28. Bxd5 Qxg4 29. Qxg4 Rxg4 30. Bxf7 Ba6+ 31. c4 Kg7 32. Be6 Rg6 33. b3 Nd4
34. Bd7 Bb7 35. Re5 Bg2+ 0-1

[Event "Politiken Cup"]
[Site "Copenhagen"]
[Date "2006.07.23"]
[Round "2.56"]
[White "Schou-Moldt, Thomas"]
[Black "Roelvaag.Anders Birk"]
[Result "1-0"]
[WhiteElo "2184"]
[BlackElo "1274"]
[PlyCount "51"]
[EventDate "2006.??.??"]

1. d4 d5 2. Nf3 e6 3. Bf4 Be7 4. e3 Nf6 5. h3 O-O 6. Bd3 Nbd7 7. Nbd2 c5 8. c3
c4 9. Bc2 b5 10. a3 a5 11. e4 Bb7 12. e5 Ne8 13. h4 b4 14. Ng5 g6 15. Nxh7 Kxh7
16. h5 Ng7 17. hxg6+ Kg8 18. Qg4 fxg6 19. Qxg6 Rf5 20. Rh7 Bf8 21. g4 Qe8 22.
Qh6 b3 23. gxf5 bxc2 24. Rh8+ Kf7 25. Qg6+ Ke7 26. Bg5+ 1-0

[Event "Politiken Cup"]
[Site "Copenhagen"]
[Date "2006.07.23"]
[Round "2.59"]
[White "Andersen, Daniel"]
[Black "De Firmian, Nick E"]
[Result "0-1"]
[WhiteElo "1908"]
[BlackElo "2559"]
[PlyCount "57"]
[EventDate "2006.??.??"]

1. c4 c5 2. Nf3 b6 3. g3 Bb7 4. Bg2 e5 5. d3 d6 6. Nc3 Nd7 7. O-O Be7 8. e4 a6
9. Ne1 Bg5 10. Nc2 Bxc1 11. Qxc1 Ne7 12. Ne3 O-O 13. Ned5 Bxd5 14. cxd5 b5 15.
Nd1 Nb6 16. Ne3 f5 17. f4 exf4 18. gxf4 fxe4 19. dxe4 Ng6 20. Nf5 Nh4 21. Nxh4
Qxh4 22. Qe1 Qh6 23. Qg3 Rf6 24. e5 Rg6 25. Qf3 Rf8 26. Rae1 dxe5 27. Rxe5 Rgf6
28. f5 Nc4 29. Re2 0-1

[Event "Politiken Cup"]
[Site "Copenhagen"]
[Date "2006.07.23"]
[Round "2.60"]
[White "Petersen, Nils"]
[Black "Lund, Esben"]
[Result "0-1"]
[WhiteElo "2007"]
[BlackElo "2296"]
[PlyCount "130"]
[EventDate "2006.??.??"]

1. c4 Nf6 2. Nc3 c5 3. Nf3 e6 4. e3 d5 5. d4 a6 6. a4 Nc6 7. Be2 dxc4 8. Bxc4
cxd4 9. exd4 Be7 10. O-O Nb4 11. Qb3 O-O 12. Rd1 Bd7 13. d5 exd5 14. Nxd5 Nbxd5
15. Bxd5 Nxd5 16. Rxd5 Be6 17. Rxd8 Bxb3 18. Rxa8 Rxa8 19. Be3 Rd8 20. Nd4 Bd5
21. Rd1 Bf6 22. Rd2 h5 23. f3 g6 24. Kf2 Rc8 25. b3 Rd8 26. Ke2 Re8 27. Kd3 Be5
28. h3 Bd6 29. Rc2 f5 30. Rc3 f4 31. Bf2 Kf7 32. Nc2 g5 33. Bb6 Be5 34. Nd4 Re7
35. a5 Rd7 36. b4 Bc6 37. Rc1 Kf6 38. Kc4 Bd5+ 39. Kd3 g4 40. hxg4 hxg4 41. Ke2
Bf7 42. Rd1 Bc4+ 43. Ke1 g3 44. Rd2 Rh7 45. Kd1 Rh1+ 46. Kc2 Ra1 47. Kc3 Rc1+
48. Kb2 Re1 49. Kc2 Re3 50. Bc5 Ra3 51. Kb1 Rd3 52. Kc2 Rxd2+ 53. Kxd2 Bf1 54.
Ke1 Bxg2 55. Ke2 Bc7 56. Nb3 Ke5 57. Bg1 Bh3 58. Nc5 Bc8 59. Kd3 Kd5 60. Kc3
Be5+ 61. Kd3 Bf5+ 62. Kd2 Bd4 63. Bxd4 Kxd4 64. Ke2 Bc8 65. Nd3 g2 0-1

[Event "Politiken Cup"]
[Site "Copenhagen"]
[Date "2006.07.23"]
[Round "2.61"]
[White "Sande, Odmund"]
[Black "Andersen, Dan"]
[Result "0-1"]
[WhiteElo "1825"]
[BlackElo "2278"]
[PlyCount "86"]
[EventDate "2006.??.??"]

1. d4 Nf6 2. c4 c5 3. d5 e5 4. Nc3 d6 5. e4 Be7 6. Bd3 Nbd7 7. Nge2 h5 8. O-O
h4 9. f4 exf4 10. Bxf4 Ng4 11. Nb5 Nge5 12. h3 a6 13. Na3 Bf6 14. Rb1 O-O 15.
Nc2 Qe7 16. Nc3 Nxd3 17. Qxd3 Ne5 18. Qe2 Bd7 19. a3 Rac8 20. Ne3 g6 21. Bh6
Bg7 22. Bxg7 Kxg7 23. Rf4 Qg5 24. Rbf1 Bxh3 25. Ncd1 Rcd8 26. b4 b6 27. Nb2 Bd7
28. Nd3 f6 29. Nxe5 fxe5 30. Rxf8 Rxf8 31. Rxf8 Kxf8 32. Qf3+ Qf4 33. Kf2 g5
34. Ke2 g4 35. Qf1 Ke7 36. Qe1 g3 37. bxc5 bxc5 38. Kd3 h3 39. gxh3 Bxh3 40.
Qb1 g2 41. Qb7+ Kf6 42. Nxg2 Bxg2 43. Qh7 Bxe4+ 0-1

[Event "Politiken Cup"]
[Site "Copenhagen"]
[Date "2006.07.23"]
[Round "2.62"]
[White "Albrecht, Rainer"]
[Black "Masters, Andrew D"]
[Result "1/2-1/2"]
[WhiteElo "2256"]
[BlackElo "1764"]
[PlyCount "76"]
[EventDate "2006.??.??"]

1. d4 Nf6 2. c4 e6 3. Nc3 Bb4 4. f3 c5 5. d5 d6 6. e4 e5 7. Bd3 O-O 8. Nge2
Nbd7 9. O-O Re8 10. h3 Nf8 11. f4 exf4 12. Bxf4 Ng6 13. Bg5 Re5 14. Qc1 Bd7 15.
Ng3 Bxc3 16. bxc3 Rxg5 17. Qxg5 Ne5 18. Be2 h6 19. Qe3 Qe7 20. Rab1 b6 21. Rf2
Rf8 22. Rbf1 Nh7 23. Kh2 Qh4 24. Qf4 Qe7 25. Nf5 Bxf5 26. exf5 f6 27. Re1 Ng5
28. Bf1 Ngf7 29. a4 a5 30. Rb1 Nd7 31. Rfb2 Rb8 32. g4 Qe5 33. Qxe5 Nfxe5 34.
Kg3 Nf7 35. Kf4 Nfe5 36. h4 Nf7 37. Re1 Nde5 38. Reb1 Nd7 1/2-1/2

[Event "Politiken Cup"]
[Site "Copenhagen"]
[Date "2006.07.23"]
[Round "2.63"]
[White "Rasmussen, Henning"]
[Black "Hvenekilde, Jorgen"]
[Result "1/2-1/2"]
[WhiteElo "1927"]
[BlackElo "2181"]
[PlyCount "74"]
[EventDate "2006.??.??"]

1. d4 Nf6 2. Nf3 g6 3. c4 Bg7 4. Nc3 O-O 5. e4 d6 6. Be2 c6 7. O-O a6 8. a4 a5
9. Ne1 e5 10. dxe5 dxe5 11. Qxd8 Rxd8 12. Be3 Na6 13. f3 Be6 14. b3 Bf8 15. Nd3
Nb4 16. Nxb4 axb4 17. Na2 Nd7 18. Rfd1 Nc5 19. Rxd8 Rxd8 20. Rd1 Ra8 21. Nc1 f6
22. Kf1 Kf7 23. Bd2 Ke8 24. Be3 Bf7 25. Bxc5 Bxc5 26. Nd3 Be7 27. Nc1 Be6 28.
g3 h5 29. Kg2 Kf7 30. h3 h4 31. g4 Rc8 32. Nd3 Rd8 33. Nf2 Ke8 34. Rxd8+ Kxd8
35. Bd1 Kc7 36. Nd3 g5 37. Kf2 b6 1/2-1/2

[Event "Politiken Cup"]
[Site "Copenhagen"]
[Date "2006.07.23"]
[Round "2.64"]
[White "Ostergaard, Rasmus"]
[Black "Hernandez Castro, Julio Cesar"]
[Result "0-1"]
[WhiteElo "2173"]
[BlackElo "1916"]
[PlyCount "50"]
[EventDate "2006.??.??"]

1. d4 Nf6 2. c4 e6 3. Nc3 Bb4 4. e3 b6 5. Bd3 Bb7 6. Nge2 d5 7. O-O O-O 8. a3
Bd6 9. Ng3 dxc4 10. Bxc4 c5 11. Nb5 Nc6 12. Nxd6 Qxd6 13. dxc5 Qxc5 14. Qe2 Ne5
15. Ba2 a5 16. Rd1 Rfd8 17. Rxd8+ Rxd8 18. Bd2 Bf3 19. Qe1 Nd3 20. Qb1 Bb7 21.
Bc3 Ng4 22. Nh1 Nxe3 23. fxe3 Qxe3+ 24. Kf1 Ba6 25. g3 Nf4+ 0-1

[Event "Politiken Cup"]
[Site "Copenhagen"]
[Date "2006.07.23"]
[Round "2.65"]
[White "Holmen, Per Inge"]
[Black "Lilja, Richard"]
[Result "1/2-1/2"]
[WhiteElo "1620"]
[BlackElo "2129"]
[PlyCount "51"]
[EventDate "2006.??.??"]

1. e4 d6 2. g3 e5 3. Bg2 Nc6 4. Ne2 Be7 5. O-O h5 6. h3 Bf6 7. d3 Nge7 8. c4 h4
9. g4 Ng6 10. Nbc3 Bg5 11. f4 Nxf4 12. Nxf4 Bxf4 13. Bxf4 exf4 14. Rxf4 Qg5 15.
Nd5 O-O 16. Qf1 Nd4 17. Qf2 c5 18. Rf1 Be6 19. Kh1 Rac8 20. Ne3 b5 21. b3 bxc4
22. bxc4 Rb8 23. Nf5 Bxf5 24. gxf5 Qf6 25. Rxh4 Rb6 26. Qg3 1/2-1/2

[Event "Politiken Cup"]
[Site "Copenhagen"]
[Date "2006.07.23"]
[Round "2.66"]
[White "Wurtz, Jacob"]
[Black "Ulvnes, Roar"]
[Result "1/2-1/2"]
[WhiteElo "2001"]
[BlackElo "1659"]
[PlyCount "72"]
[EventDate "2006.??.??"]

1. d4 d5 2. c4 c6 3. Nf3 Nf6 4. g3 Bf5 5. Qb3 Qb6 6. Qxb6 axb6 7. cxd5 Nxd5 8.
Nc3 Nb4 9. e4 Bxe4 10. Nxe4 Nc2+ 11. Kd1 Nxa1 12. Bf4 Rxa2 13. Bxb8 Rxb2 14.
Kc1 Rb4 15. Bd3 Nb3+ 16. Kc2 Nxd4+ 17. Kc3 c5 18. Nxd4 Rxd4 19. Rb1 Rb4 20.
Rxb4 cxb4+ 21. Kxb4 f5 22. Ng5 e5+ 23. Kb5 e4 24. Bc4 Bc5 25. f3 Ke7 26. Bc7
Rc8 27. Bf4 h6 28. Nxe4 fxe4 29. fxe4 g5 30. Bd2 Bg1 31. h4 gxh4 32. gxh4 h5
33. Bg5+ Kd6 34. Bf4+ Ke7 35. Bg5+ Kd6 36. Bf4+ Ke7 1/2-1/2

[Event "Politiken Cup"]
[Site "Copenhagen"]
[Date "2006.07.23"]
[Round "2.67"]
[White "Henrichsen, Jens"]
[Black "Fjellengen, Bård"]
[Result "1/2-1/2"]
[WhiteElo "2106"]
[BlackElo "1879"]
[PlyCount "55"]
[EventDate "2006.??.??"]

1. d4 d5 2. Nf3 Nf6 3. g3 e6 4. Bg2 c5 5. O-O Nc6 6. c4 dxc4 7. Qa4 Qa5 8. Qxc4
cxd4 9. Nxd4 Nxd4 10. Qxd4 Bc5 11. Qh4 Be7 12. Qc4 O-O 13. Nc3 Bd7 14. Bxb7
Rab8 15. Qa6 Qc7 16. Bg2 Rfd8 17. Bf4 e5 18. Bg5 Rxb2 19. Bxf6 gxf6 20. Nd5 Qd6
21. Qxd6 Bxd6 22. Nxf6+ Kg7 23. Nxd7 Rxd7 24. Rfd1 Rd8 25. Rd5 Bc7 26. Rxd8
Bxd8 27. Kf1 Bb6 28. Bd5 1/2-1/2

[Event "Politiken Cup"]
[Site "Copenhagen"]
[Date "2006.07.23"]
[Round "2.68"]
[White "Jaeger, Frode Bull"]
[Black "Nielsen, Martin Skovsø"]
[Result "1-0"]
[WhiteElo "2104"]
[BlackElo "1650"]
[PlyCount "79"]
[EventDate "2006.??.??"]

1. d4 d5 2. c4 e6 3. Nc3 Nf6 4. Bg5 Be7 5. e3 O-O 6. Nf3 c6 7. Qc2 dxc4 8. Bxc4
Nd5 9. Bxe7 Qxe7 10. O-O h6 11. Rad1 Nd7 12. e4 N5b6 13. Bb3 Nf6 14. Rfe1 Rd8
15. a3 Qf8 16. Ba2 Bd7 17. e5 Nfd5 18. Ne4 Rac8 19. h4 Be8 20. h5 Kh8 21. Nh2
Nd7 22. b4 f5 23. exf6 N7xf6 24. Nxf6 Qxf6 25. Bb1 Kg8 26. Qh7+ Kf8 27. Rd3
Bxh5 28. Rg3 Kf7 29. Nf3 Rh8 30. Qc2 b6 31. Ne5+ Ke8 32. Nxc6 Rf8 33. Ba2 Kd7
34. b5 Kd6 35. Qd2 Qf4 36. Qb2 a5 37. Bxd5 exd5 38. a4 g5 39. Qa3+ Kc7 40. Re7#
1-0

[Event "Politiken Cup"]
[Site "Copenhagen"]
[Date "2006.07.23"]
[Round "2.69"]
[White "Madland, Kristoffer"]
[Black "Snähre, Stig Allan"]
[Result "1/2-1/2"]
[WhiteElo "2100"]
[BlackElo "1594"]
[PlyCount "70"]
[EventDate "2006.??.??"]

1. e4 e6 2. Nf3 d5 3. Nc3 dxe4 4. Nxe4 Nf6 5. Ng3 Bd6 6. d4 h6 7. Bd3 Nc6 8.
O-O O-O 9. b3 b6 10. Bb2 Bb7 11. c4 Nb4 12. Bb1 c5 13. a3 Na6 14. Qd3 Bxg3 15.
hxg3 Be4 16. Qc3 Bxb1 17. Raxb1 Rc8 18. Rbd1 Qe7 19. Ne5 Rfd8 20. dxc5 Nxc5 21.
f3 Ncd7 22. Ng4 Qf8 23. Rxd7 Nxd7 24. Nxh6+ Kh7 25. Ng4 Qc5+ 26. Kh2 Qh5+ 27.
Kg1 Qc5+ 28. Ne3 f6 29. Kf2 Ne5 30. Qc2+ Rd3 31. Bc1 Rcd8 32. Ke2 Kg8 33. f4
Nc6 34. Qxd3 Rxd3 35. Kxd3 Qd4+ 1/2-1/2

[Event "Politiken Cup"]
[Site "Copenhagen"]
[Date "2006.07.23"]
[Round "2.70"]
[White "Christensen, Jim L"]
[Black "Nielsen, Frode B"]
[Result "1/2-1/2"]
[WhiteElo "1672"]
[BlackElo "2098"]
[PlyCount "75"]
[EventDate "2006.??.??"]

1. e4 e5 2. Nf3 Nc6 3. Bc4 Nf6 4. d3 d5 5. exd5 Nxd5 6. O-O Nb6 7. Bb5 Bd6 8.
Nc3 O-O 9. Be3 Nd4 10. Bxd4 exd4 11. Ne4 Be7 12. Qd2 h6 13. a4 a5 14. Rad1 c6
15. Bc4 Nxa4 16. c3 dxc3 17. bxc3 b5 18. Ba2 Nc5 19. Nxc5 Bxc5 20. d4 Bb6 21.
Ne5 Qd6 22. Qd3 Ra7 23. Rfe1 Be6 24. Bb1 f5 25. c4 Bxc4 26. Nxc4 bxc4 27. Qxc4+
Qd5 28. Qxd5+ cxd5 29. Re5 f4 30. Ba2 Rc7 31. Rxd5 Kh8 32. Rd6 Rb8 33. h4 Rc2
34. Bf7 a4 35. Rb1 a3 36. Rbxb6 Rxb6 37. Rxb6 a2 38. Bxa2 1/2-1/2

[Event "Politiken Cup"]
[Site "Copenhagen"]
[Date "2006.07.23"]
[Round "2.71"]
[White "Hansen, Rene Rauer"]
[Black "Bøje, Tobias R"]
[Result "1-0"]
[WhiteElo "2096"]
[BlackElo "1469"]
[PlyCount "120"]
[EventDate "2006.??.??"]

1. b3 d5 2. Bb2 Bf5 3. Nf3 Nd7 4. d3 Ngf6 5. Nbd2 c6 6. g3 e6 7. Bg2 Be7 8. O-O
O-O 9. Kh1 h6 10. Qe1 Qc7 11. e4 dxe4 12. dxe4 Bh7 13. Nd4 Bc5 14. Rd1 Rad8 15.
f3 Ne5 16. Ne2 Bb4 17. Nc3 Qa5 18. Ndb1 Rxd1 19. Qxd1 Rd8 20. Qe2 Ne8 21. Rd1
Ng6 22. Rxd8 Qxd8 23. Nd1 Nc7 24. c4 e5 25. Bh3 Kh8 26. Nf2 Bc5 27. Qd3 Bd4 28.
Nc3 Na6 29. Ne2 Nb4 30. Qd2 c5 31. Bxd4 exd4 32. a3 Nc6 33. f4 Nge7 34. Bg2 Qe8
35. Nc1 Nc8 36. Ncd3 Nd6 37. e5 Nf5 38. Nxc5 b6 39. Nce4 Na5 40. Qb2 Qd8 41.
Nd3 Nb7 42. b4 Ne3 43. c5 Nxg2 44. Qxg2 Qd5 45. Nef2 Qxg2+ 46. Kxg2 bxc5 47.
Nxc5 Nd8 48. b5 Bf5 49. Kf3 Ne6 50. Nxe6 Bxe6 51. Ke4 Bc4 52. a4 Bb3 53. a5 Bc4
54. b6 axb6 55. axb6 Bf1 56. Kxd4 Ba6 57. Kc5 Kh7 58. Kc6 Kg6 59. b7 Bxb7+ 60.
Kxb7 Kf5 1-0

[Event "Politiken Cup"]
[Site "Copenhagen"]
[Date "2006.07.23"]
[Round "2.72"]
[White "Jørgensen, Morten"]
[Black "Laksman, Efraim"]
[Result "0-1"]
[WhiteElo "1473"]
[BlackElo "2089"]
[PlyCount "74"]
[EventDate "2006.??.??"]

1. d4 Nf6 2. c4 e6 3. Nc3 Bb4 4. Qc2 c5 5. dxc5 Na6 6. Nf3 Nxc5 7. Bg5 Nce4 8.
Bxf6 Qxf6 9. Rc1 Nxc3 10. bxc3 Bc5 11. e3 b6 12. Bd3 Bb7 13. Be4 Bxe4 14. Qxe4
O-O 15. O-O Rac8 16. Qb7 d6 17. Qe4 Rc7 18. Nd4 Bxd4 19. cxd4 Rfc8 20. d5 Qf5
21. Qxf5 exf5 22. Rfd1 Rxc4 23. Rxc4 Rxc4 24. f3 Rc2 25. a4 Kf8 26. Kf1 Ke7 27.
h3 Kd7 28. g4 fxg4 29. hxg4 f6 30. Ke1 g6 31. Rd4 Rc5 32. Kd2 b5 33. axb5 Rxb5
34. e4 a5 35. Ra4 Kc7 36. Kc3 Kb6 37. Kc4 Rb4+ 0-1